|
|
|
|
| LEADER |
00000nab a2200000 a 4500 |
| 001 |
vtls000243263 |
| 003 |
SK-MaSNL |
| 005 |
20260303201133.0 |
| 008 |
111130c1986 xo 0 slo |
| 015 |
|
|
|a SNBRB19rr/mm-uuuuu
|
| 035 |
|
|
|a CL0253377
|
| 040 |
|
|
|a SNKBUCL
|b slo
|c SNKBUCL
|e AACR2
|
| 041 |
0 |
|
|a slo
|
| 044 |
|
|
|a xo
|c SK
|
| 080 |
|
|
|a 329.15(437)
|2 1981
|
| 245 |
0 |
0 |
|a Sedemnásty zjazd Komunistickej strany Československa ; Vilma Procházková, Marie Skořínska, Bohuslav Kučera, Zbyněk Žalman, Michal Žákovič, Jozef Šimúth
|
| 300 |
|
|
|b Obr. 6.
|
| 610 |
|
7 |
|a Komunistická strana Československa
|2 snkbucl
|9 32256
|
| 650 |
0 |
7 |
|a stranícke zjazdy
|2 snkbucl
|9 101752
|
| 651 |
|
7 |
|a 3100
|2 snkbucl
|9 920766
|
| 655 |
|
7 |
|a články z novín a časopisov
|2 snkbucl
|9 267496
|
| 700 |
1 |
|
|a Procházková, Vilma
|4 aut
|9 1231829
|
| 700 |
1 |
|
|a Skořínska, Marie
|4 aut
|9 1231830
|
| 700 |
1 |
|
|a Kučera, Bohuslav,
|d 1923-2006
|4 aut
|9 133661
|
| 700 |
1 |
|
|a Žalman, Zbyněk
|4 aut
|9 1231831
|
| 700 |
1 |
|
|a Žákovič, Michal,
|d 1916-1990
|4 aut
|9 5412
|
| 700 |
1 |
|
|a Šimúth, Jozef,
|d 1936-
|4 aut
|9 198878
|
| 773 |
0 |
|
|t Pravda
|g Roč. 67, č. 77 (2. 4. 1986), s. 3
|
| 850 |
|
|
|a Slovenská národná knižnica v Martine
|a MTA001
|
| 852 |
|
|
|a SNK
|b KIS3GCP
|
| 958 |
|
|
|a RK
|
| 992 |
|
|
|a RBX
|
| 999 |
|
|
|c 2172075
|d 2174005
|